000 00517nam a2200169Ia 4500
003 OSt
005 20210901145051.0
008 190216s9999||||xx |||||||||||||| ||und||
040 _coclc
082 _a297
_bALM/H
100 _aAl Mahmud, Al Shaikh Abdullah Bin Zaid
_98736
245 0 _aAl Hukmi Al Sharaae Fi Jalaka Al Saniwal Bidh /
_cAl Shaikh Abdullah Bin Zaid Al Mahmud
260 _bMoohim Publication,
300 _a84p
650 _aArabic
942 _cBK
_2ddc
_h297
_iALM/H
_k297
_mALM/H
999 _c335
_d335